000 00782nam a2200181 a 4500
001 000355073
003 AM-YeHGA
005 20250618072221.0
008 040727s1907 ai 000 | arm d
040 _aAM-YeHGA
041 0 _aarm
100 1 _aՏեր-Աստվածատրյան, Հայկ Եղիշեի,
_d1871-1922
_93984
245 1 0 _aՀամառօտ հայոց պատմութիւն :
_bՊատկերազարդ : Սկզբից մինչեւ մեր օրերը : Ժողովրդի ընթերցանութեան և դպրոցների համար /
_cՀ. Տէր-Աստուածատրեանց.
260 _aԹիֆլիս :
_bտպ. Ն. Աղանեանցի,
_c1907.
300 _a176 էջ :
_bնկ. ;
_c18 սմ.
650 1 4 _aՀայոց պատմություն
_vԴասագիրք
090 _c137450
999 _c136079
_d136079